000 00323nam a2200133Ia 4500
008 150301s2014 xx 000 0 und d
082 _a610.7
_bF14Y
100 _aYALAYYASWAMY N.N.
245 _aFIRS AID AND EMERGENCY NURSING
260 _bC.B.S. DELHI
_c2014
300 _a188
650 _aFIRST AID
942 _2ddc
_cBK
_04
999 _c6828
_d6828